| 000 | 00636nam a22001817a 4500 | ||
|---|---|---|---|
| 003 | GR-AtMCL | ||
| 005 | 20260209154706.0 | ||
| 006 | a|||||r||||||||||| | ||
| 008 | s 2025gr mn pg 0 g eng d | ||
| 040 |
_aGR-AtMCL _bgre _dGR-AtMCL _eAACR2 |
||
| 110 | 2 | _aΕμπορικό και Βιομηχανικό Επιμελητήριο Αθηνών | |
| 245 | 1 | 0 |
_aTrade with Greece / _cThe Athens Chamber of Commerce and Industry |
| 260 |
_aΑθήνα : _b[χ.ό.], _c1986- |
||
| 300 |
_aτ. ; _c26 εκ. |
||
| 650 | 0 |
_aΔιοίκηση και οργάνωση _910001 |
|
| 856 | _uhttps://acci.gr/trade-with-greece-2025/ | ||
| 942 | _cCR | ||
| 999 |
_c10113 _d10113 |
||